000 00520nam a2200205Ia 4500
005 20250508165028.0
008 008 250505s9999 xx 000 0 eng d
037 _aTextual
040 _aFEDL
_beng
_cFEDL
041 _aeng
_2eng
084 _a500, DEM
_qFEDL
100 _aDemidov V
_9779752
245 0 _aHow we see what we see
260 _aMoscow
_bMir Publishers
_c1986
300 _a238p.
365 _aINR
_b12.5
546 _aMACESE
942 _cTEXL
_h500, DEM
999 _c1392741
_d1392741